000 00461nam a22001812 4500
001 0000005672
005 20151217160111.0
008 070620s xx 000 0 eng d
040 _aKABU
_cKABU
050 0 _aPZ90
_b.S94Y3W47
100 1 _aYahya, A. S.
_@0000156884
245 1 0 _aWerevu wa Juma.
260 _aNairobi :
_bOUP,
_c2003.
300 _a16 p.
908 _a070620
950 _@1
999 _c14240
_d14240